000 00826nas a2200265 4500
001 BR2014007831
003 BR-BrBNA
005 20231205124812.0
007 ta
008 230509b bl.|||p| |||| 00| 00por d
040 _aBR-BrBNA
_bpor
_cBiblioteca Nacional de Agricultura
041 _a(Pt)
072 _aH10
100 1 _aCividanes, F.J.
100 1 _aIde, S.
100 1 _aRibeiro, A.A.
100 1 _aCividanes, T.M. dos S.
245 1 _aPotencial predatório de Carabidae e Staphylinidae (coleoptera)sobre a lagarta-da-soja
650 _aPRAGA DE PLANTA
650 _aCOLEOPTERO
650 _aCONTROLE BIOLÓGICO
773 0 _tPesquisa Agropecuária Brasileira (Brazil)
_xISSN 0100-204X
_g(Aug 2014), v. 49(8) p. 652-655
_wBR2014007831
909 _a202311
_bLúcia
_c55
_dLúcia Elande
942 _2AGRIS
_n0
_cANA
999 _c240980
_d240980